000 01623cam a22004814i 4500
003 PE-LiUPU
005 20250731173519.0
008 150616s r 000 0 d
020 _a0800755065
035 _a(Sirsi) i9780800755065
040 _aPE-LiUPU
_bspa
_cPE-LiUPU
_erda
049 _aPRUA
082 0 4 _a253.7
_bL77
_221
100 1 _aLogan, Robert E.,
_eautor.
245 1 0 _aMobilizing for compassion :
_bmoving people into ministry /
_cRobert E. Logan and Larry Short.
264 1 _aGrand Rapids, Míchigan :
_bFleming H. Revell,
_c1994.
300 _a201 páginas ;
_c21 centímetros
336 _atext
_2rdacontent
337 _aunmediated
_2rdamedia
338 _avolume
_2rdacarrier
504 _aBibliografía: páginas 197-198.
505 0 _aDeveloping a vision for compassion -- Calling together an impassioned team.
526 _aSEG42
526 _aSEG41
526 _aSEG40
526 _aSEG39
526 _aP94
526 _aP87
526 _aP86
526 _aP85
526 _aP77
526 _aP76
526 _aP35
650 0 4 _aObras parroquiales.
700 1 _aShort, Larry,
_eautor.
910 _ajck
_bjvq
_cjck
942 _2ddc
_cBOOK
949 _a253.7 L77
_wDEWEY
_c1
_i41844
_lCCODEBUL1
_mBUL
_r0
_sY
_tBOOK
_u2015-6-16
_xTEOLOGIA
_zUNKNOWN
_0COMPRA
_o.STAFF. Colección General
994 _aC0
_bPEPRU
596 _a1
999 _a253.7 L77
_wDEWEY
_c59508
_i41844
_f2021-11-10
_g5
_lCCODEBUL1
_mBUL
_r0
_sY
_tBOOK
_u2015-6-16
_xTEOLOGIA
_zUNKNOWN
_0COMPRA
_o.STAFF. Colección General
_d59508
980 _81
_gALBERTO SANCHEZ Responsable de Automatización